000 00338pab a2200121 454500
008 180718b xxu||||| |||| 00| 0 eng d
100 _aKapur, Shashi
245 _aApplication of training techniques CRAMP model
650 _a CRAMP Model
650 _aTraining - U.K.
773 _aIndian Journal of Training and Developemnt
909 _a24248
999 _c24248
_d24248